ბათუმის შოთა რუსთაველის სახელმწიფო უნივერსიტეტის ბიბლიოთეკა

Численные методы решения экстремальных задач. (ბიბ.ჩანაწერი № 39142)

000 -LEADER
fixed length control field 00783nam a2200217Ia 4500
001 - CONTROL NUMBER
control field 5725
003 - CONTROL NUMBER IDENTIFIER
control field GE_BSU
008 - FIXED-LENGTH DATA ELEMENTS--GENERAL INFORMATION
fixed length control field 181216s||||||||xx |||||||||||||| ||und||
040 ## - CATALOGING SOURCE
Transcribing agency GE_BSU
080 ## - UNIVERSAL DECIMAL CLASSIFICATION NUMBER
Universal Decimal Classification number 519.6
100 ## - MAIN ENTRY--PERSONAL NAME
Personal name Васильев, Ф.П
245 ## - TITLE STATEMENT
Title Численные методы решения экстремальных задач.
245 ## - TITLE STATEMENT
Remainder of title Учеб. пособие для студ вузов обучающихся по спец ,,Прикладная математика
260 ## - PUBLICATION, DISTRIBUTION, ETC.
Place of publication, distribution, etc. Москва
260 ## - PUBLICATION, DISTRIBUTION, ETC.
Name of publisher, distributor, etc. Наука
260 ## - PUBLICATION, DISTRIBUTION, ETC.
Date of publication, distribution, etc. 1980
300 ## - PHYSICAL DESCRIPTION
Extent 518 с. 22см.
653 ## - INDEX TERM--UNCONTROLLED
Uncontrolled term Учебное пособие для студ вузов
653 ## - INDEX TERM--UNCONTROLLED
Uncontrolled term Численные методы решения экстремальных задач
942 ## - ADDED ENTRY ELEMENTS (KOHA)
Koha item type წიგნი
ეგზემპლარები
Withdrawn status Lost status Damaged status Not for loan Date acquired Barcode Date last seen Price effective from Koha item type
        2018-12-17 16773 2018-12-17 2018-12-17 წიგნი
        2018-12-17 17990 2018-12-17 2018-12-17 წიგნი
        2018-12-17 18083 2018-12-17 2018-12-17 წიგნი